Veličiny a jednotky SI v stavebnej fyzike
Uložené v:
| Hlavný autor: | |
|---|---|
| Médium: | Kniha |
| Jazyk: | Slovak |
| Vydavateľské údaje: |
Bratislava :
Alfa,
1975
|
| Tagy: |
Žiadne tagy, Buďte prvý, kto otaguje tento záznam!
|
MARC
| LEADER | 00000nam a22000003a 4500 | ||
|---|---|---|---|
| 001 | stu195143 | ||
| 005 | 20150617230022.6 | ||
| 008 | 091030s1975----cs------------------slo-d | ||
| 040 | |a STU |b slo | ||
| 041 | 0 | |a slo | |
| 044 | |a cs | ||
| 080 | |a 53:061:389 | ||
| 100 | 1 | |a Binko, Jaroslav |4 aut | |
| 245 | 1 | |a Veličiny a jednotky SI v stavebnej fyzike | |
| 260 | |a Bratislava : |b Alfa, |c 1975 | ||
| 300 | |a 102 s | ||
| 996 | |b 284V035536 |c V*9293/O-1804a |l VVS |s A |a 24 |w stu195143_0001 | ||
| 996 | |c V*10397/O-2437 |l VV9 |s P |a 0 |w stu195143_0002 | ||
| 996 | |b 284V035535 |c V*9292/O-1804 |l VVS |s A |a 24 |w stu195143_0004 | ||